The Distributional Effects of Indirect Taxes : (Record no. 613143)

MARC details
000 -LEADER
fixed length control field 00503nam a2200181 a 4500
008 - FIXED-LENGTH DATA ELEMENTS--GENERAL INFORMATION
fixed length control field 260220s2006##################000#0#eng##
020 ## - INTERNATIONAL STANDARD BOOK NUMBER
ISBN 9781847200426
082 04 - DEWEY DECIMAL CLASSIFICATION NUMBER
Classification number 336.294
Item number CRE
100 1# - MAIN ENTRY--AUTHOR NAME
Personal name Creedy, John,
245 10 - TITLE STATEMENT
Title The Distributional Effects of Indirect Taxes :
260 ## - PUBLICATION, DISTRIBUTION, ETC. (IMPRINT)
Name of publisher Edward Elgar Publishing,
Year of publication 2006.
650 #0 - SUBJECT ADDED ENTRY--TOPICAL TERM
Topical Term Indirect taxation.
942 ## - ADDED ENTRY ELEMENTS (KOHA)
Koha item type English Books
Holdings
Withdrawn status Lost status Damaged status Not for loan Home library Current library Shelving location Date acquired Full call number Accession Number Price effective from Koha item type
        Anna Centenary Library Anna Centenary Library 4TH FLOOR, A WING 20.02.2026 336.294 CRE 342673 20.02.2026 English Books

Find us on the map